| 000 | 01504nam a2200349 i 4500 | ||
|---|---|---|---|
| 001 | ebr10785174 | ||
| 003 | CaPaEBR | ||
| 006 | m o d | ||
| 007 | cr cn||||||||| | ||
| 008 | 131108s2011 sz acd ob 100 0 eng|d | ||
| 020 | _z9781847356239 | ||
| 020 | _a9781847356246 (e-book) | ||
| 040 |
_aCaPaEBR _beng _erda _epn _cCaPaEBR |
||
| 035 | _a(OCoLC)868971960 | ||
| 050 | 1 | 4 |
_aRA1224.2 _b.E53 2011eb |
| 082 | 0 | 4 | _a217 |
| 111 | 2 |
_aEndocrine Disruptors _d(2011 : _cZurich, Switzerland), _jissuing body. |
|
| 245 | 1 | 0 |
_aEndocrine Disruptors 2011 : _b[conference proceedings] : Zurich, Switzerland, 8-9 February, 2011 / _corganised by Smithers. |
| 264 | 1 |
_aZurich : _bSmithers Rapra Technology Limited, _c2011. |
|
| 300 |
_a1 online resource (217 pages) : _billustrations, portraits |
||
| 336 |
_atext _2rdacontent |
||
| 337 |
_acomputer _2rdamedia |
||
| 338 |
_aonline resource _2rdacarrier |
||
| 504 | _aIncludes bibliographical references. | ||
| 588 | _aDescription based on online resource; title from PDF title page (ebrary, viewed November 8, 2013). | ||
| 590 | _aElectronic reproduction. Palo Alto, Calif. : ebrary, 2013. Available via World Wide Web. Access may be limited to ebrary affiliated libraries. | ||
| 650 | 0 |
_aEndocrine disrupting chemicals _vCongresses. |
|
| 655 | 0 | _aElectronic books. | |
| 710 | 2 | _aSmithers. | |
| 797 | 2 | _aebrary. | |
| 856 | 4 | 0 |
_uhttp://site.ebrary.com/lib/rucke/Doc?id=10785174 _zAn electronic book accessible through the World Wide Web; click to view |
| 999 |
_c135907 _d135907 |
||